<?xml version="1.0" encoding="UTF-8"?>
<record
    xmlns:xsi="http://www.w3.org/2001/XMLSchema-instance"
    xsi:schemaLocation="http://www.loc.gov/MARC21/slim http://www.loc.gov/standards/marcxml/schema/MARC21slim.xsd"
    xmlns="http://www.loc.gov/MARC21/slim">

  <leader>01254nam2a2200241   4500</leader>
  <controlfield tag="001">RU\NLR\BIBL_A\022152002</controlfield>
  <controlfield tag="005">20250625141909.0</controlfield>
  <datafield tag="035" ind1=" " ind2=" ">
    <subfield code="a">(NLR Aleph) 022152002</subfield>
  </datafield>
  <datafield tag="090" ind1=" " ind2=" ">
    <subfield code="a">12895481</subfield>
    <subfield code="c">12895481</subfield>
  </datafield>
  <datafield tag="100" ind1=" " ind2=" ">
    <subfield code="a">20240228d1924    |||y0rusy50      ca</subfield>
  </datafield>
  <datafield tag="101" ind1="0" ind2=" ">
    <subfield code="a">ukr</subfield>
  </datafield>
  <datafield tag="102" ind1=" " ind2=" ">
    <subfield code="a">RU</subfield>
  </datafield>
  <datafield tag="105" ind1=" " ind2=" ">
    <subfield code="a">y   ag  000yy</subfield>
  </datafield>
  <datafield tag="200" ind1="1" ind2=" ">
    <subfield code="a">&#x411;i&#x431;&#x43B;&#x438;&#x43E;&#x453;&#x440;&#x430;&#x444;i&#x44F; &#x443;&#x43A;&#x440;&#x430;&#x457;&#x43D;&#x43E;&#x437;&#x43D;&#x430;&#x432;&#x441;&#x442;&#x432;&#x430; &#x437;&#x430; 1914-1923 &#x440;&#x440;.</subfield>
    <subfield code="h">&#x432;&#x438;&#x43F;. 1</subfield>
    <subfield code="i">I&#x441;&#x442;&#x43E;&#x440;i&#x44F; &#x423;&#x43A;&#x440;&#x430;&#x457;&#x43D;&#x438;</subfield>
    <subfield code="f">&#x437;i&#x431;&#x440;&#x430;&#x432; I&#x432;&#x430;&#x43D; &#x41A;&#x430;&#x43B;&#x438;&#x43D;&#x43E;&#x432;&#x438;&#x447;</subfield>
  </datafield>
  <datafield tag="210" ind1=" " ind2=" ">
    <subfield code="d">1924</subfield>
    <subfield code="a">&#x411;. &#x43C;.</subfield>
  </datafield>
  <datafield tag="215" ind1=" " ind2=" ">
    <subfield code="a">59 &#x441;.</subfield>
  </datafield>
  <datafield tag="461" ind1=" " ind2="0">
    <subfield code="1">001RU\NLR\BIBL_A\022152005</subfield>
    <subfield code="1">2001#$a&#x41C;&#x430;&#x442;&#x435;&#x440;i&#x44F;&#x43B;&#x438; &#x434;&#x43E; &#x423;&#x43A;&#x440;&#x430;&#x457;&#x43D;&#x441;&#x44C;&#x43A;&#x43E;&#x457; &#x431;i&#x431;&#x43B;&#x438;&#x43E;&#x453;&#x440;&#x430;&#x444;i&#x457;$f&#x432;&#x438;&#x434;&#x430;&#x454; &#x411;i&#x431;&#x43B;&#x438;&#x43E;&#x453;&#x440;&#x430;&#x444;i&#x447;&#x43D;&#x430; &#x43A;&#x43E;&#x43C;i&#x441;i&#x44F; &#x43D;&#x430;&#x443;&#x43A;&#x43E;&#x432;&#x430; &#x442;&#x43E;&#x432;&#x430;&#x440;&#x438;&#x441;&#x442;&#x432;&#x430; i&#x43C;&#x435;&#x43D;&#x438; &#x428;&#x435;&#x432;&#x447;&#x435;&#x43D;&#x43A;&#x430;$v&#x422;. 5</subfield>
    <subfield code="9">12895490</subfield>
    <subfield code="c">&#x423; &#x41B;&#x44C;&#x432;&#x43E;&#x432;i</subfield>
    <subfield code="d">1924-</subfield>
    <subfield code="f">&#x432;&#x438;&#x434;&#x430;&#x454; &#x411;i&#x431;&#x43B;&#x438;&#x43E;&#x453;&#x440;&#x430;&#x444;i&#x447;&#x43D;&#x430; &#x43A;&#x43E;&#x43C;i&#x441;i&#x44F; &#x43D;&#x430;&#x443;&#x43A;&#x43E;&#x432;&#x430; &#x442;&#x43E;&#x432;&#x430;&#x440;&#x438;&#x441;&#x442;&#x432;&#x430; i&#x43C;&#x435;&#x43D;&#x438; &#x428;&#x435;&#x432;&#x447;&#x435;&#x43D;&#x43A;&#x430;</subfield>
    <subfield code="n">&#x417; &#x434;&#x440;&#x443;&#x43A;&#x430;&#x440;&#x43D;i &#x422;&#x43E;&#x432;&#x430;&#x440;&#x438;&#x441;&#x442;&#x432;&#x430; i&#x43C;&#x435;&#x43D;&#x438; &#x428;&#x435;&#x432;&#x447;&#x435;&#x43D;&#x43A;&#x430;</subfield>
    <subfield code="t">&#x41C;&#x430;&#x442;&#x435;&#x440;i&#x44F;&#x43B;&#x438; &#x434;&#x43E; &#x423;&#x43A;&#x440;&#x430;&#x457;&#x43D;&#x441;&#x44C;&#x43A;&#x43E;&#x457; &#x431;i&#x431;&#x43B;&#x438;&#x43E;&#x453;&#x440;&#x430;&#x444;i&#x457;</subfield>
    <subfield code="v">&#x422;. 5</subfield>
  </datafield>
  <datafield tag="702" ind1=" " ind2="1">
    <subfield code="a">&#x41A;&#x430;&#x43B;&#x438;&#x43D;&#x43E;&#x432;&#x438;&#x447;</subfield>
    <subfield code="b">I.</subfield>
    <subfield code="g">I&#x432;&#x430;&#x43D;</subfield>
    <subfield code="4">220</subfield>
  </datafield>
  <datafield tag="852" ind1=" " ind2=" ">
    <subfield code="a">NLR</subfield>
    <subfield code="j">&#x441;407&#x423;&#x43A;&#x440;-420/&#x41A;-17</subfield>
  </datafield>
  <datafield tag="942" ind1=" " ind2=" ">
    <subfield code="c">BOOK</subfield>
  </datafield>
  <datafield tag="980" ind1=" " ind2=" ">
    <subfield code="a">NB</subfield>
  </datafield>
  <datafield tag="995" ind1=" " ind2=" ">
    <subfield code="5">2024-03-06</subfield>
    <subfield code="b">NLR01</subfield>
    <subfield code="c">NLR01</subfield>
    <subfield code="e">CSB</subfield>
    <subfield code="f">1-4315219</subfield>
    <subfield code="k">&#x441;407&#x423;&#x43A;&#x440;-420/&#x41A;-17</subfield>
    <subfield code="o">0</subfield>
    <subfield code="r">BOOK</subfield>
    <subfield code="s">40742017_</subfield>
  </datafield>
</record>
